Règlement général du service et du régime des prisons de courtes peines affectées a l'emprisonnement en commun (maisons d'arrét, de justice et de correction) (Record no. 154177)

MARC details
000 -LEADER
campo de control de longitud fija 00867nam a2200181 i 4500
001 - NÚMERO DE CONTROL
campo de control 154177
003 - IDENTIFICADOR DE NÚMERO DE CONTROL
campo de control ES-MaACL
005 - FECHA Y HORA DE LA ÚLTIMA TRANSACCIÓN
campo de control 20230906205543.0
008 - DATOS DE LONGITUD FIJA--INFORMACIÓN GENERAL
campo de control de longitud fija 050711s1884 fr |||| | fre d
110 1# - ENTRADA PRINCIPAL--NOMBRE DE ENTIDAD CORPORATIVA
Nombre de entidad corporativa o nombre de jurisdicción como elemento de entrada Francia.
Unidad subordinada Ministère de l'Intérieur.
9 (RLIN) 134396
245 10 - MENCIÓN DEL TÍTULO
Título Règlement général du service et du régime des prisons de courtes peines affectées a l'emprisonnement en commun (maisons d'arrét, de justice et de correction)
Resto del título : procès-verbaux des séances de la deuxième commision chargée de l'étude du projec de règlement (1883-1884).
260 ## - PUBLICACIÓN, DISTRIBUCIÓN, ETC.
Lugar de publicación, distribución, etc. Paris :
Nombre del editor, distribuidor, etc. [s.n.],
Fecha de publicación, distribución, etc. 1884 (
Fabricante Imp. Nouvelle)
300 ## - DESCRIPCIÓN FÍSICA
Extensión 337 p. ;
Dimensiones 23 cm.
650 #4 - PUNTO DE ACCESO ADICIONAL DE MATERIA--TÉRMINO DE MATERIA
Término de materia o nombre geográfico como elemento de entrada Establecimientos penitenciarios-
Subdivisión geográfica Francia.
9 (RLIN) 143319
650 ## - PUNTO DE ACCESO ADICIONAL DE MATERIA--TÉRMINO DE MATERIA
Término de materia o nombre geográfico como elemento de entrada Derecho penitenciario-
Subdivisión geográfica Francia.
9 (RLIN) 141896
752 ## - ENTRADA AGREGADA--NOMBRE JERÁRQUICO DEL LUGAR
País o entidad superior Francia -
Ciudad París
852 ## - LOCALIZACIÓN
Ubicación ES-MaACL
Número de control de estantería D-94
Nota libre - Enc. hol.
-- . - Donativo de Lastres, 1907
Holdings
Estatus retirado Estado de pérdida Estado de daño No para préstamo Colección Biblioteca de origen Biblioteca actual Ubicación en estantería Fecha de adquisición Fuente de adquisición Total de préstamos Signatura topográfica completa Código de barras Visto por última vez Precio de reemplazo Tipo de ítem Koha
        Libros del s. XIX Biblioteca del Ateneo de Madrid Biblioteca del Ateneo de Madrid Sala Valle Inclán 17/01/2008     D-94 901161215 23/02/2023 23/02/2023 Libro impreso antiguo